| 000 | 00379nam a2200133 a 4500 | ||
|---|---|---|---|
| 001 | 5669 | ||
| 003 | CDMR | ||
| 005 | 20130222103810.0 | ||
| 008 | 130130s2004||||||||||||||||||||||||||||d | ||
| 040 |
_aCDMR _bcat _cCDMR |
||
| 245 | 0 |
_a21 escriptores per al segle XXI _cantologia a cura de D. Sam Abrams ... [et al.] |
|
| 260 |
_aBarcelona _c2004 _bDiputació de Barcelona |
||
| 942 |
_cMON _2ddc |
||
| 999 |
_c5669 _d5669 |
||